| 000 | 00830nas a2200289 4500 | ||
|---|---|---|---|
| 001 | BR2014006177 | ||
| 003 | BR-BrBNA | ||
| 005 | 20231205124548.0 | ||
| 007 | ta | ||
| 008 | 230509b bl.|||p| |||| 00| 00por d | ||
| 040 |
_aBR-BrBNA _bpor _cBiblioteca Nacional de Agricultura |
||
| 041 | _a(Pt) | ||
| 072 | _aP07 | ||
| 100 | 1 | _aZanuncio, A.J.V. | |
| 100 | 1 | _aLima, J.T. | |
| 100 | 1 | _aMonteiro, T.C. | |
| 100 | 1 | _aTrugilho, P.F. | |
| 100 | 1 | _aLima, F.S. | |
| 245 | 1 | _aSecagem ao ar livre da madeira para produção de carvão vegetal | |
| 650 | _aEUCALIPTO | ||
| 650 | _aMADEIRA | ||
| 650 | _aCARVÃO VEGETAL | ||
| 650 | _aENERGIA | ||
| 773 | 0 |
_tFloresta e Ambiente (Brazil) _xISSN 1415-0980 _g(Jul-Sep 2014), v. 21(3) p. 401-408 _wBR2014006177 |
|
| 909 |
_a202311 _bLúcia _c55 _dLúcia Elande |
||
| 942 |
_2AGRIS _n0 _cANA |
||
| 999 |
_c239724 _d239724 |
||